|
|
|
|
| LEADER |
01917nam a2200505 4500 |
| 001 |
ocn852225758 |
| 003 |
OCoLC |
| 005 |
20170124070111.6 |
| 006 |
m o d |
| 007 |
cr cnu|||unuuu |
| 008 |
130709s2010 iau o 000 0 eng d |
| 040 |
|
|
|a DG1
|b eng
|c DG1
|d CUS
|d OCLCF
|d OCLCO
|d OCLCQ
|d YDXCP
|d DEBBG
|d OCLCQ
|d GrThAP
|
| 019 |
|
|
|a 902649083
|
| 020 |
|
|
|a 9781118704295
|q (electronic bk.)
|
| 020 |
|
|
|a 1118704290
|q (electronic bk.)
|
| 029 |
1 |
|
|a AU@
|b 000051762688
|
| 029 |
1 |
|
|a DEBBG
|b BV043396074
|
| 029 |
1 |
|
|a GBVCP
|b 790208431
|
| 029 |
1 |
|
|a NZ1
|b 15341811
|
| 035 |
|
|
|a (OCoLC)852225758
|z (OCoLC)902649083
|
| 050 |
|
4 |
|a AS6
|b .O54 2010
|
| 082 |
0 |
4 |
|a 658.3/142
|2 23
|
| 049 |
|
|
|a MAIN
|
| 245 |
0 |
0 |
|a 128 recognition ideas for donors, volunteers and members.
|
| 246 |
3 |
|
|a One hundred twenty eight recognition ideas for donors, volunteers and members
|
| 250 |
|
|
|a 2nd ed.
|
| 264 |
|
1 |
|a Sioux City, Iowa :
|b Stevenson, Inc.,
|c [2010]
|
| 264 |
|
4 |
|c ©2010
|
| 300 |
|
|
|a 1 online resource (55 pages)
|
| 336 |
|
|
|a text
|b txt
|2 rdacontent
|
| 337 |
|
|
|a computer
|b c
|2 rdamedia
|
| 338 |
|
|
|a online resource
|b cr
|2 rdacarrier
|
| 500 |
|
|
|a "Edited by Scott C. Stevenson"--Running title area.
|
| 588 |
0 |
|
|a Online resource; title from PDF title page (Wiley, viewed July 9, 2013).
|
| 650 |
|
0 |
|a Awards.
|
| 650 |
|
0 |
|a Volunteers.
|
| 650 |
|
0 |
|a Nonprofit organizations
|x Management.
|
| 650 |
|
7 |
|a Awards.
|2 fast
|0 (OCoLC)fst00824442
|
| 650 |
|
7 |
|a Nonprofit organizations
|x Management.
|2 fast
|0 (OCoLC)fst01038913
|
| 650 |
|
7 |
|a Volunteers.
|2 fast
|0 (OCoLC)fst01169120
|
| 655 |
|
4 |
|a Electronic books.
|
| 700 |
1 |
|
|a Stevenson, Scott C.,
|e editor.
|
| 776 |
0 |
8 |
|i Print version:
|t 128 Recognition Ideas for Donors, Volunteers and Members.
|d Sioux City, Iowa : Stevenson, Inc, ©2010
|z 9781118692004
|w (OCoLC)828488438
|
| 856 |
4 |
0 |
|u https://doi.org/10.1002/9781118704295
|z Full Text via HEAL-Link
|
| 994 |
|
|
|a 92
|b DG1
|